000 00394nam a2200157Ia 4500
008 230711s9999||||xx |||||||||||||| ||und||
041 _aENG
082 _a6
_bRO-F
100 _aRoss,Timothy J
245 0 _aFuzzy logic with engineering application
250 _a2nd . Ed.
260 _c2007
_aNew York
_bJohn Wiley & Sons.Inc
300 _a628
650 _aComputer Engineering
942 _cBK
999 _c4892
_d4892